=LDR 00000nam 2200000 4500 =001 INLIS000000000020017 =005 20130612115020 =008 ***********************************Ind** =035 ##$$0010-061300000020017 =041 ##$$a Ind =082 ##$$a 615.882 =090 ##$$a 615.882, Nal k =100 ##$$a Naland, Henry =245 ##$$a Kombucha, teh ajaib pencegah dan penyembuh aneka penyakit, penulis, Henry Naland, penyunting, Mulyono =260 ##$$a 2004 $b Jakarta =300 ##$$a vi, 58 hlm, ilus, 23 cm =650 ##$$a Obat tradisional =850 ##$$a NBPNMAT